Cities Home to U.S. State Universities - Statistics

General Stats
  • This quiz has been taken 9,250 times
  • The average score is 22 of 50
Answer Stats
State City % Correct
Hawaii Honolulu
77%
Texas Austin
72%
Colorado Boulder
65%
Ohio (Ohio State) Columbus
65%
Utah Salt Lake City
65%
Arizona Tucson
64%
Louisiana Baton Rouge
63%
Minnesota Minneapolis / St. Paul
63%
Michigan Ann Arbor
62%
California Berkeley
62%
Washington Seattle
61%
Nebraska Lincoln
60%
Wisconsin Madison
60%
Nevada Reno
60%
New Mexico Albuquerque
58%
Alaska Fairbanks
56%
Georgia Athens
53%
Missouri Columbia
52%
South Carolina Columbia
52%
Alabama Tuscaloosa
52%
Florida Gainesville
50%
Tennessee Knoxville
49%
Kentucky Lexington
47%
North Carolina Chapel Hill
46%
Oregon Eugene
46%
Illinois Urbana‑Champaign
43%
Indiana Bloomington
39%
New York (SUNY) Buffalo / Stony Brook
39%
Arkansas Fayetteville
39%
Iowa Iowa City
36%
Delaware Newark
36%
Pennsylvania (Penn State) State College
36%
Vermont Burlington
35%
Massachusetts Amherst
34%
Virginia Charlottesville
34%
Maryland College Park
34%
Oklahoma Norman
33%
Kansas Lawrence
30%
Mississippi Oxford
29%
Montana Missoula
28%
West Virginia Morgantown
27%
New Hampshire Durham
25%
Wyoming Laramie
24%
Connecticut Storrs
22%
New Jersey (Rutgers) New Brunswick
21%
Idaho Moscow
20%
North Dakota Grand Forks
14%
Maine Orono
12%
Rhode Island Kingston
7%
South Dakota Vermillion
7%
No matching quizzes found
Score Distribution
Percent of People with Each Score
Percentile by Number Answered
Your Score History
You have not taken this quiz